| 000 | 00420nam a22001457a 4500 | ||
|---|---|---|---|
| 008 | 250529b |||||||| |||| 00| 0 eng d | ||
| 020 | _a9781784970819 | ||
| 050 |
_aPZA.L782 PR6023.17 _b.E43 1958 |
||
| 100 | _aEmanuel Litvinoff | ||
| 245 | _aThe lost Europeans | ||
| 260 |
_aUnited States Of America _bVanguard Press _c1958 |
||
| 300 | _a295p. | ||
| 650 |
_aBerlin (Germany) _vHistory - 1945-1990 _xFiction. |
||
| 942 | _cBK | ||
| 999 |
_c3711 _d3711 |
||